[Event "Albacete op 17th"]
[Site "Albacete"]
[Date "2009.09.02"]
[Round "3"]
[White "Fenollar Jorda, Manuel"]
[Black "Rivas Pastor, Manuel"]
[Result "0-1"]
[WhiteElo "2311"]
[BlackElo "2529"]
[PlyCount "64"]
[EventDate "2009.09.01"]
[EventType "swiss"]
[EventRounds "9"]
[EventCountry "ESP"]
[SourceTitle "CBM 132 Extra"]
[Source "ChessBase"]
[SourceDate "2009.11.03"]
[SourceVersion "1"]
[SourceVersionDate "2009.11.03"]
[SourceQuality "1"]

1. d4 Nf6 2. Nf3 g6 3. Bg5 Bg7 4. Nbd2 d6 5. e4 0-0 6. Bc4 c6 7. 0-0 d5 8. exd5 cxd5 9. Bd3 Nc6 10. c3 Bf5 11. Qb1 Bxd3 12. Qxd3 Ne8 13. Rfe1 Nd6 14. a4 Re8 15. Re2 Qb6 16. b4 e6 17. Ne5 f6 18. Nxc6 bxc6 19. Bf4 e5 20. dxe5 fxe5 21. Bg3 a5 22. b5 e4 23. Qc2 cxb5 24. Bxd6 Qxd6 25. Qb3 bxa4 26. Rxa4 Kh8 27. c4 Rab8 28. Qc2 Qc5 29. g3 e3 30. Nb3 exf2+ 31. Rxf2 Rxb3 32. Qxb3 Rf8 0-1

[Event "Malaga op 12th"]
[Site "Malaga"]
[Date "2009.07.18"]
[Round "9"]
[White "Khamrakulov, Ibragim S"]
[Black "Rivas Pastor, Manuel"]
[Result "1/2-1/2"]
[WhiteElo "2553"]
[BlackElo "2525"]
[PlyCount "47"]
[EventDate "2009.07.11"]
[EventType "swiss"]
[EventRounds "9"]
[EventCountry "ESP"]
[SourceTitle "CBM 131 Extra"]
[Source "ChessBase"]
[SourceDate "2009.09.03"]
[SourceVersion "2"]
[SourceVersionDate "2009.09.16"]
[SourceQuality "1"]

1. e4 e6 2. d4 d5 3. Nd2 Be7 4. Ngf3 Nf6 5. Bd3 c5 6. c3 Nc6 7. 0-0 b6 8. Re1 cxd4 9. Nxd4 Nxd4 10. cxd4 dxe4 11. Nxe4 Bb7 12. Bb5+ Kf8 13. Nc3 Nd5 14. Be2 Rc8 15. Bd2 Nxc3 16. bxc3 Bg5 17. Bxg5 Qxg5 18. Bf3 Bxf3 19. Qxf3 Qd5 20. Qf4 h6 21. Re5 Qd6 22. Rae1 Kg8 23. Qe4 Rxc3 24. d5 1/2-1/2

[Event "Malaga op 12th"]
[Site "Malaga"]
[Date "2009.07.16"]
[Round "7"]
[White "Korneev, Oleg"]
[Black "Rivas Pastor, Manuel"]
[Result "1/2-1/2"]
[WhiteElo "2537"]
[BlackElo "2525"]
[PlyCount "175"]
[EventDate "2009.07.11"]
[EventType "swiss"]
[EventRounds "9"]
[EventCountry "ESP"]
[SourceTitle "CBM 131 Extra"]
[Source "ChessBase"]
[SourceDate "2009.09.03"]
[SourceVersion "2"]
[SourceVersionDate "2009.09.16"]
[SourceQuality "1"]

1. e4 e6 2. d4 d5 3. Nd2 a6 4. Ngf3 c5 5. exd5 exd5 6. Be2 Nc6 7. 0-0 cxd4 8. Re1 Be7 9. Nb3 Nf6 10. Nfxd4 0-0 11. Bf4 Re8 12. Bf1 Bg4 13. f3 Bd7 14. Qd2 Qb6 15. c3 Nxd4 16. Qxd4 Qxd4+ 17. Nxd4 Bc5 18. Be3 Ba4 19. Nf5 Bxe3+ 20. Rxe3 Rxe3 21. Nxe3 g6 22. Re1 Rd8 23. Re2 h5 24. Rd2 Bc6 25. Kf2 Kf8 26. Bc4 b5 27. Bb3 Nd7 28. Nc2 Nb6 29. Nd4 Bd7 30. Re2 Rb8 31. h4 a5 32. a3 Nc4 33. Bxc4 dxc4 34. Re5 f6 35. Rc5 Rb7 36. Ke3 Ke7 37. Ke4 Kd6 38. Rd5+ Ke7 39. Kf4 Rb8 40. g4 hxg4 41. fxg4 Rg8 42. g5 Rf8 43. Nxb5 fxg5+ 44. Kxg5 Rf2 45. Re5+ Kf8 46. Nd6 Rxb2 47. Rxa5 Ke7 48. Nxc4 Rg2+ 49. Kh6 Rg4 50. Ne5 Rxh4+ 51. Kxg6 Ke6 52. Kg5 Re4 53. Nd3 Kd6 54. Nb4 Rg4+ 55. Kf6 Rf4+ 56. Kg5 Rg4+ 57. Kh5 Rg3 58. Rd5+ Ke6 59. Rd3 Rg1 60. Kh4 Bb5 61. Rd5 Ba4 62. Ra5 Bd1 63. Kh3 Be2 64. a4 Ra1 65. Nc2 Bf1+ 66. Kg3 Rc1 67. Nd4+ Kd7 68. Rd5+ Ke7 69. Rc5 Kd6 70. Rc8 Kd5 71. Kf2 Bc4 72. Nb5 Rc2+ 73. Ke3 Re2+ 74. Kf3 Ra2 75. Nc7+ Ke5 76. Na8 Bd5+ 77. Ke3 Rxa4 78. Nb6 Re4+ 79. Kd3 Be6 80. Re8 Rh4 81. Nc4+ Kd5 82. Ne3+ Kd6 83. c4 Rh3 84. Rd8+ Kc5 85. Ke4 Rh4+ 86. Ke5 Bxc4 87. Rc8+ Kb4 88. Rxc4+ 1/2-1/2

[Event "Malaga op 12th"]
[Site "Malaga"]
[Date "2009.07.14"]
[Round "5"]
[White "Rivas Pastor, Manuel"]
[Black "Karim, Ismael"]
[Result "1/2-1/2"]
[WhiteElo "2525"]
[BlackElo "2407"]
[PlyCount "180"]
[EventDate "2009.07.11"]
[EventType "swiss"]
[EventRounds "9"]
[EventCountry "ESP"]
[SourceTitle "CBM 131 Extra"]
[Source "ChessBase"]
[SourceDate "2009.09.03"]
[SourceVersion "2"]
[SourceVersionDate "2009.09.16"]
[SourceQuality "1"]

1. c4 c6 2. Nf3 d5 3. b3 Nf6 4. Bb2 e6 5. g3 Nbd7 6. Bg2 Bd6 7. 0-0 e5 8. cxd5 cxd5 9. Qc1 a6 10. Ba3 Nb6 11. d4 e4 12. Ne5 Be6 13. Bxd6 Qxd6 14. f4 exf3 15. exf3 Rc8 16. Qa3 Qxa3 17. Nxa3 Nfd7 18. Rac1 Ke7 19. Kf2 Rxc1 20. Rxc1 Rc8 21. Re1 f6 22. Nd3 Kd6 23. Bf1 Na8 24. Ke3 Bf7 25. Kd2 Re8 26. Rc1 Nb8 27. Nc2 Nc6 28. Ndb4 Ne7 29. a4 Nc7 30. Nd3 Be6 31. Nc5 Bc8 32. a5 Nc6 33. b4 Nd8 34. Bd3 Bd7 35. h4 g6 36. h5 Bb5 37. hxg6 Bxd3 38. Kxd3 hxg6 39. Rh1 Re7 40. Rh6 Rg7 41. Ne3 Nf7 42. Rh1 Nd8 43. Ng4 Ke7 44. Rh8 Nc6 45. Rc8 Nb5 46. Nxa6 Kd7 47. Rxc6 Kxc6 48. Nc5 Rh7 49. Ne6 Rh3 50. Nxf6 Rxg3 51. Ke3 Kd6 52. Nc5 Kc6 53. Ng4 Nd6 54. Kf2 Rh3 55. Ne5+ Kb5 56. Nxg6 Kxb4 57. Nf4 Rh8 58. a6 bxa6 59. Nxa6+ Kc4 60. Nc7 Kxd4 61. Ncxd5 Nf5 62. Nf6 Rh2+ 63. Kg1 Ra2 64. Ng2 Kd3 65. Nd5 Ra5 66. Ndf4+ Kd4 67. Ne2+ Ke5 68. Ngf4 Ra3 69. Kf2 Nh4 70. Kg3 Nxf3 71. Kg4 Nd2 72. Ng6+ Kf6 73. Ngf4 Ne4 74. Nh5+ Ke5 75. Nef4 Ra8 76. Ng6+ Kd4 77. Nhf4 Ra1 78. Ne6+ Ke3 79. Ngf4 Rg1+ 80. Kf5 Rf1 81. Ke5 Nc3 82. Nd5+ Nxd5 83. Kxd5 Rf5+ 84. Kd6 Ke4 85. Nc5+ Kd4 86. Ne6+ Kc4 87. Nc7 Rc5 88. Kd7 Rh5 89. Kd6 Rh6+ 90. Ne6 Rxe6+ 1/2-1/2